000 00239nam a2200109Ia 4500
008 200302s9999 xx 000 0 und d
100 _aTadao Ando
245 _aInside Japan 3
260 _bNobuyuki Endo
260 _c2008
300 _a480 P.,
999 _c2651
_d2651